000
00366nam a22001217a 4500
999
_c
13508
_d
13508
082
_a
891.4393
_b
ی وس
100
_a
مشتاق احمد یوسفی
245
_a
خاکم بدہن
_b
خاکے اور مزاح
260
_a
کراچی
_b
مکتبہ دانیال
_c
٢٠٠٤
300
_a
١٩٤ ص
650
_a
Urdu, Mizah, Khake, Mushtaq Ahmed Yousufi
942
_c
BK